000
00260nam a22001097a 4500
008
170112b xxu||||| |||| 00| 0 eng d
020
_a
9780763717865
041
_a
eng
080
_2
2ND
_a
618.2
245
_a
COMMUNITY HEALTH NURSING
_c
LUNDY, K.S
942
_2
udc
_c
BK
999
_c
2746
_d
2746